| 000 | 00644nam a2200217Ia 4500 | ||
|---|---|---|---|
| 005 | 20230524134143.0 | ||
| 008 | 131103s9999 xx 000 0 und d | ||
| 020 |
_a8126018011 _cRs 125 |
||
| 040 | _aLoreto College | ||
| 041 | _aEnglish | ||
| 082 |
_a891.443 _bTAG |
||
| 100 | _aTagore, Rabindranath | ||
| 245 |
_aGora _cRabindranath Tagore. Translated from Bangla with notes by Sujit Mukherjee. Introduction by Meenakshi Mukherjee |
||
| 260 |
_aNew Delhi _bSahitya Akademi _c1997 |
||
| 300 | _axxiv,497p | ||
| 650 | _aLiterature | ||
| 651 | _aFiction in Bengali | ||
| 700 | _aMukherjee, Sujit, ed | ||
| 850 | _aLCLIB | ||
| 942 | _cBK | ||
| 999 |
_c36124 _d86603 |
||